Normal view
MARC view
- Lt Col Kashif Ahmed Khan
Entry Personal Name
001 - CONTROL NUMBER
- control field: 48177
003 - CONTROL NUMBER IDENTIFIER
- control field: NUST
005 - DATE AND TIME OF LATEST TRANSACTION
- control field: 20210314134005.0
008 - FIXED-LENGTH DATA ELEMENTS
- fixed length control field: 210314|| aca||aabn | a|a d
040 ## - CATALOGING SOURCE
- Original cataloging agency: NUST
- Transcribing agency: NUST
100 ## - HEADING--PERSONAL NAME
- Personal name: Lt Col Kashif Ahmed Khan
670 ## - SOURCE DATA FOUND
- Source citation: Work cat.: (NUST): Ahmed Nader Khurshid 48099, Study of stone masic asphalt using polymer and mineral filler, 2009
